Egyptian sculpture
The book offers a very representative survey of the whole field, from the small primituve figurines of predynastic times (before 3100 BC) to the veristic portrait heads of the Graeco-Roman period (after 332 BC). It describes many of the finest sculptures in the collections, most of which can be seen...
Wedi'i Gadw mewn:
| Prif Awdur: | |
|---|---|
| Fformat: | Llyfr |
| Iaith: | Undetermined |
| Cyhoeddwyd: |
Cambridge, Massachusetts
Harvard Univ. Press
1983
|
| Pynciau: | |
| Tagiau: |
Ychwanegu Tag
Dim Tagiau, Byddwch y cyntaf i dagio'r cofnod hwn!
|
| Thư viện lưu trữ: | Trung tâm Học liệu Trường Đại học Cần Thơ |
|---|
| LEADER | 00863nam a2200193Ia 4500 | ||
|---|---|---|---|
| 001 | CTU_18584 | ||
| 008 | 210402s9999 xx 000 0 und d | ||
| 082 | |a 732.8 | ||
| 082 | |b J27 | ||
| 100 | |a T G H. James | ||
| 245 | 0 | |a Egyptian sculpture | |
| 245 | 0 | |c T G H. James, W V Davies | |
| 260 | |a Cambridge, Massachusetts | ||
| 260 | |b Harvard Univ. Press | ||
| 260 | |c 1983 | ||
| 520 | |a The book offers a very representative survey of the whole field, from the small primituve figurines of predynastic times (before 3100 BC) to the veristic portrait heads of the Graeco-Roman period (after 332 BC). It describes many of the finest sculptures in the collections, most of which can be seen in the Egyptian Sculture Gallery | ||
| 650 | |a sculpture, ancient,sculpture, egyptian | ||
| 904 | |i Minh, 970920 | ||
| 980 | |a Trung tâm Học liệu Trường Đại học Cần Thơ | ||